| 000 | 01322nam1a22003131 4500 | ||
|---|---|---|---|
| 001 | v19\rc\1908466 | ||
| 005 | 20251118180546.4 | ||
| 035 | _a(NLR Aleph) 004997356 | ||
| 090 |
_a6349918 _c6349918 |
||
| 100 | _a20080404d1911 u y0rusy50 ca | ||
| 101 | 1 |
_arus _cger |
|
| 102 | _aRU | ||
| 105 | _a z ||||| | ||
| 200 | 1 |
_aДомашний лечебник _f!Пер. с нем. изд. "Das ärztliche Hausbuch für Gesunde und Kranke" von Dr. med. Carl Reissig под ред. орд. проф. Воен.-мед. акад. Н.П. Гундобина. Вып. 1- |
|
| 210 |
_aСанкт-Петербург _cтип. АО Брокгауз-Ефрон _d1911 |
||
| 215 | _d19 | ||
| 225 | 1 | _aБиблиотека самообразования | |
| 454 | 0 |
_12001#$aDas ärztliche Hausbuch für Gesunde und Kranke$fVon Dr. med. Carl Reissig _1700#1$aReissig$bC.$gCarl _tDas ärztliche Hausbuch für Gesunde und Kranke _aReissig, Carl |
|
| 700 | 1 |
_aРейссиг _bК. _gКарл |
|
| 702 | 1 |
_aГундобин _bН.П. _f1860-1908 _gНиколай Петрович _4340 |
|
| 801 | 0 |
_aRU _bNLR _gpsbo |
|
| 801 | 0 |
_aRU _bRuMoRGB _2psbo |
|
| 801 | 1 |
_aRU _bProSoft-M _2rusmarc |
|
| 852 |
_aNLR _j72-3/4056 |
||
| 899 |
_aRuMoRGB _jT 81/24 |
||
| 899 |
_aRuMoRGB _j801-91/9884-4 |
||
| 899 |
_aRuMoRGB _jT 43/283 |
||
| 942 | _cBOOK | ||
| 980 | _aNB | ||